Statistics for Länder efter bokstav - S

Click here to take the quiz!

General Stats

  • This quiz has been taken 28 times
  • The average score is 17 of 26

Answer Stats

Land% Correct
Serbien
85%
Spanien
85%
Sudan
85%
Sverige
85%
Slovakien
77%
Slovenien
77%
Surinam
77%
Syrien
77%
Saudiarabien
69%
Schweiz
69%
Senegal
69%
Somalia
69%
Salomonöarna
62%
Samoa
62%
Sri Lanka
62%
Sydafrika
62%
Sydkorea
62%
Sydsudan
62%
San Marino
54%
Sierra Leone
54%
Singapore
54%
Saint Lucia
46%
Seychellerna
46%
Saint Kitts och Nevis
38%
Saint Vincent och
Grenadinerna
38%
São Tomé och
Príncipe
31%

Score Distribution

Percentile by Number Answered

Percent of People with Each Score

Your Score History

You have not taken this quiz